000 01192nam0a2200337 4500
001 RU\NLR\BIBL_A\022613241
005 20260327151608.0
010 _a978-5-00228-362-0
021 _aRU
_bКН-П-25-040880
_9КН-П-25-3978
035 _a(NLR Aleph) 022613241
090 _a13646756
_c13646756
100 _a20250902d2025 u y0rusy50 ca
101 0 _arus
102 _aRU
105 _aa z 000yy
181 0 _ai3
_baxxe
182 0 _an
200 1 _aКак войти в будущее
_fПремавати
203 _aТекст
_bвизуальный
_cнепосредственный
210 _aМосква
_cКнига, Амрита-Русь
_d2025
215 _a98, [3] с.
_cил.
_d20
333 _aДля лиц старше 16 лет
606 1 _aКришнаизм
_2nlr_sh1
_2nlr_sh2
_3RU\NLR\AUTH\66487468
606 1 _aЭзотерические учения
_2nlr_sh1
_2nlr_sh2
_3RU\NLR\AUTH\66986948
686 1 _aЭ331.8я9
686 1 _aЭ391,0
700 1 _aКиселева
_bО. Х.
_cкришнаит
_gОльга Хамидовна
_3RU\NLR\AUTH\7756733
942 _cBOOK
980 _aNB